Etudes sur le role de la pensée médiévale dans la formation du systéme cartésien
Na minha lista:
| Autor principal: | |
|---|---|
| Formato: | Livro |
| Idioma: | francês |
| Publicado em: |
París
J. Vrin
1951
|
| Colecção: | Etudes de Philosophie Médiévale
|
| Assuntos: | |
| Tags: |
Adicionar Tag
Sem tags, seja o primeiro a adicionar uma tag!
|
MARC
| LEADER | 00000nam a2200000 a 4500 | ||
|---|---|---|---|
| 001 | UCZ3734 | ||
| 003 | CL-VaPUC | ||
| 008 | 951027e19510000FR |||||||||||||||||fre|d | ||
| 082 | 0 | 4 | |a 189 |b GIL |2 21 |
| 100 | |a Gilson, Étienne |e autor |9 349171 | ||
| 245 | 1 | 0 | |a Etudes sur le role de la pensée médiévale dans la formation du systéme cartésien |
| 300 | |a 344 p | ||
| 942 | |c BK | ||
| 945 | |d 19951027 00:00:00 |a cmena | ||
| 260 | |a París |b J. Vrin |c 1951 | ||
| 600 | 0 | |a Descartes, René |e autor |9 265906 | |
| 600 | 0 | |a Dios |9 314467 | |
| 650 | 0 | |a Filosofía medieval |9 256245 | |
| 650 | 0 | |a Escolasticismo |9 264998 | |
| 650 | 0 | |a Escuelas filosóficas |9 266232 | |
| 650 | 0 | |a Religión |9 255164 | |
| 583 | |a last modification |c 19951027 00:00:00 |k Rodrigo Vera | ||
| 490 | 0 | |a Etudes de Philosophie Médiévale | |
| 999 | |c 240182 |d 240180 | ||
| 952 | |0 0 |1 0 |4 0 |6 189_000000000000000_GIL_1951 |7 0 |8 P |9 251900 |a BIBEDU |b BIBEDU |c BIBEDU_PB |d 2019-11-18 |i 1588346 |o 189 GIL 1951 |p 1588346 |r 2024-01-25 |w 2019-11-18 |y BK |k FIL | ||
| 952 | |0 0 |1 0 |4 0 |6 189_000000000000000_GIL_1951 |7 0 |8 P |9 251901 |a BIBEDU |b BIBEDU |c BIBEDU_PB |d 2019-11-18 |i 1573101 |o 189 GIL 1951 |p 1573101 |r 2024-01-25 |w 2019-11-18 |y BK |k FIL | ||